000 00657cam a2200241I 4500
001 37312
003 GBCCL
005 20241126110342.0
008 750805s1950 xx 000 0 eng u
010 _a 50004210
035 _a(OCoLC)01510446
040 _cUTS
049 _aLBBK
050 0 0 _aBV4012
_b.G58
082 0 _a253.52
_bGOU
100 1 _aGoulooze, William,
_d1903-1955.
245 1 0 _aPastoral psychology;
_bapplied psychology in pastoral theology in America.
260 _aGrand Rapids,
_bBaker Book House,
_c1950.
300 _a266 p.,
_c24 cm.
504 _aBibliography: [211]-236.
650 0 _aPastoral psychology.
942 _2ddc
_cBK
_04
999 _c621
_d621